000 00845nam a22002417a 4500
003 OSt
005 20250808032323.0
008 240530b |||||||| |||| 00| 0 eng d
020 _a9786210451641
040 _aDWCL-Main lib
_cOC
082 _aFil. 657.044 M843i 2024
100 _aMoreno, Jackqui R.
245 _aIntermediate accounting essential volume 2 :
_b a standards based appreciation approach /
_cJackqui R. Moreno [and two others]
250 _aFirst edition
260 _aQuezon City, Manila, Philippines :
_bRexbook store,
_cc2024.
300 _avii, 212 pages :
_billustrations ;
_c26cm
504 _aIncludes bibliographical references and index.
650 _a1. Accounting.
654 _a1. Accounting
700 _aFulgencio, Kristine M.
700 _aRivera, Albert I.
942 _2ddc
_cBK - FIL
_kFil.
_n0
_eFirst edition
999 _c77
_d77